| 000 | 01077cam a2200325 i 4500 | ||
|---|---|---|---|
| 005 | 20230613085924.0 | ||
| 008 | 140509s2014 inua 001 0 eng | ||
| 010 | _a 2014940493 | ||
| 020 | _a9781118951293 (pbk. : alk. paper) | ||
| 040 |
_aDLC _beng _erda _cDLC |
||
| 042 | _apcc | ||
| 082 | 0 | 0 |
_a771.32 _223 _bBUS-D |
| 100 | 1 | _aBusch, David D., | |
| 245 | 1 | 0 |
_aDigital SLR cameras & photography for dummies / _cby David D Busch. |
| 246 | 3 | 0 | _aDigital SLR cameras and photography for dummies |
| 250 | _a5th edition. | ||
| 260 |
_aUSA _bBush _c2014 |
||
| 264 | 1 |
_aHoboken, NJ : _bJohn Wiley and Sons, _c[2014] |
|
| 300 |
_axiv, 331 pages : _bcolor illustrations ; _c23 cm. |
||
| 336 |
_atext _2rdacontent |
||
| 337 |
_aunmediated _2rdamedia |
||
| 338 |
_avolume _2rdacarrier |
||
| 490 | 0 | _aMaking everything easier! | |
| 500 | _aIncludes index. | ||
| 650 | 0 |
_aPhotography _xDigital techniques. |
|
| 650 | 0 | _aSingle-lens reflex cameras. | |
| 906 |
_a7 _bcbc _corignew _d2 _eepcn _f20 _gy-gencatlg |
||
| 999 |
_c18721 _d18721 |
||